Statistics for USA Tourist Attractions Quiz

Click here to take the quiz!

General Stats

  • This quiz has been taken 18,219 times
  • The average score is 12 of 24

Answer Stats

Description Attraction % Correct
Huge statue in New York HarborStatue of Liberty
99%
Mountain with Presidential facesMount Rushmore
94%
Former prison in San Francisco BayAlcatraz
88%
Orange-red bridge in
San Francisco
Golden Gate
Bridge
82%
Brightly lit intersection in NYCTimes Square
77%
Huge dam near Las VegasHoover Dam
76%
Huge waterfalls split between
New York and Canada
Niagara Falls
71%
New York Harbor island, a former
gateway for US immigrants
Ellis Island
69%
Former mission in San Antonio where
Davy Crockett met his end
The Alamo
65%
Star-filled sidewalk along
Hollywood Boulevard
Walk of Fame
63%
New Jersey city famous for its
boardwalk and casinos
Atlantic City
62%
Famous Yellowstone Park geyserOld Faithful
61%
Chicago's tallest buildingWillis Tower
60%
Place where four states intersectFour Corners
53%
Large lake between California
and Nevada
Lake Tahoe
46%
Historic New Orleans neighborhoodFrench Quarter
41%
World's largest cave system,
in Kentucky
Mammoth Cave
27%
Military frigate built in 1797 and
docked in Boston
USS Constitution
21%
Kentucky Derby racetrackChurchill Downs
21%
Spring break island in South TexasSouth Padre
Island
18%
Heavily advertised drug store
in South Dakota
Wall Drug
16%
Palatial residence
of William Randolph Hearst
Hearst Castle
16%
World's largest tree, named after
a Civil War general
General Sherman
12%
House with weird stuff near
Spring Green, WI
House on the
Rock
6%

Score Distribution

Percentile by Number Answered

Percent of People with Each Score

Your Score History

You have not taken this quiz